00322nam a2200109Ia 4500008004100000020001800041040002900059050002400088100001400112245005900126260002700185221021s9999||||xx |||||||||||||| ||und|| a9780192801852 cChuka University Library aDT 1941 b.L63 2011 aLodge, T. 0aSharpeville: An apartheid massacre and is consequenses aNew YorkbOxfordc2011